| 000 | 00748nam a2200253 i 4500 | ||
|---|---|---|---|
| 001 | bg | ||
| 100 | 1 |
_aBień, Witold _d(1927- ). |
|
| 245 | 0 | 0 |
_aZarządzanie finansami przedsiębiorstwa / _cWitold Bień. |
| 250 | _aWyd. 8 | ||
| 260 |
_aWarszawa : _bCentrum Doradztwa i Informacji Difin, _c2008. |
||
| 300 |
_a365 s. : _bil. ; _c24 cm. |
||
| 504 | _aIndeks. | ||
| 650 | 9 |
_aPrzedsiębiorstwo _xfinanse _xzarządzanie |
|
| 655 | _aPodręczniki | ||
| 020 | _a9788372518934 | ||
| 040 | _cBPK | ||
| 041 | 0 | _apol | |
| 044 | _aPOL | ||
| 080 | _a658.15(07) | ||
| 920 | _a978-83-7251-893-4 | ||
| 942 | _cKS | ||
| 008 | s pl f |000 0 pol | ||
| 999 |
_c55237 _d55237 |
||
| 856 |
_uhttp://koha.tu.koszalin.pl/cgi-bin/koha/opac-detail.pl?biblionumber=55237 _yKatalog online BPK |
||